BIBLIOTECA

SENCICO

El uso de la cartografía en la investigación geográfica regional (Registro nro. 567)

Detalles MARC
000 -LEADER
fixed length control field 00755nam a2200277Ia 4500
005 - DATE AND TIME OF LATEST TRANSACTION
control field 20251020182442.0
008 - FIXED-LENGTH DATA ELEMENTS--GENERAL INFORMATION
fixed length control field 200515s9999 xx 000 0 und d
020 ## - INTERNATIONAL STANDARD BOOK NUMBER
International Standard Book Number 978-84-362-6095-3
082 ## - DEWEY DECIMAL CLASSIFICATION NUMBER
Classification number 528.786/F81
100 ## - MAIN ENTRY--PERSONAL NAME
Personal name Franco Aliaga, Tomás
100 ## - MAIN ENTRY--PERSONAL NAME
Personal name López-Davalillo Larrea, Julio
100 ## - MAIN ENTRY--PERSONAL NAME
Personal name Pardo Abad, Carlos J.
245 #0 - TITLE STATEMENT
Title El uso de la cartografía en la investigación geográfica regional
250 ## - EDITION STATEMENT
Edition statement 1a ed.
260 ## - PUBLICATION, DISTRIBUTION, ETC.
Place of publication, distribution, etc. Madrid
260 ## - PUBLICATION, DISTRIBUTION, ETC.
Name of publisher, distributor, etc. Universidad Nacional de Educación a Distancia
260 ## - PUBLICATION, DISTRIBUTION, ETC.
Date of publication, distribution, etc. 2011
300 ## - PHYSICAL DESCRIPTION
Extent 196 p.
300 ## - PHYSICAL DESCRIPTION
Other physical details il., tbl., graf., map., col.
490 ## - SERIES STATEMENT
Series statement Colección Master
500 ## - GENERAL NOTE
General note 2 ejemplares
650 ## - SUBJECT ADDED ENTRY--TOPICAL TERM
Topical term or geographic name entry element CARTOGRAFIA
942 ## - ADDED ENTRY ELEMENTS (KOHA)
Koha item type Libros
Existencias
Fecha de la última vez que lo usaron Pago total Signatura topográfica completa Código de barras Precio efectivo desde Tipo de documento Estado perdido Estado dañado No es para préstamo Retirado Ubicación permanente Ubicación actual Fecha de adquisición Número de ejemplar
15/05/2020   528.786/F81 Bib-Lima15050567 15/05/2020 Libros         Biblioteca Central Lima Biblioteca Central Lima 15/05/2020  
15/05/2020   528.786/F81 Bib-Lima16050567 15/05/2020 Libros         Biblioteca Central Lima Biblioteca Central Lima 15/05/2020 Ej.2